| 000 | 00345nam a2200121Ia 4500 | ||
|---|---|---|---|
| 005 | 20251222154346.0 | ||
| 008 | 251222s9999||||xx |||||||||||||| ||spa|| | ||
| 020 | _a87-263-0470-2 | ||
| 082 | _a551/A58 | ||
| 100 | _a"AncocheaSoto, EumenioAnguita Virella, FranciscoMoreno Serrano, Fernando" | ||
| 245 | 0 | _aGeologĂa procesos externos | |
| 942 | _cLIB | ||
| 999 |
_c34732 _d34732 |
||